|
|
|
|
| LEADER |
00629nam a22001697a 4500 |
| 020 |
|
|
|a 9780521406789
|
| 082 |
|
|
|a 320.54
|b HOB/N
|
| 100 |
|
|
|a Hobsbawm E J
|9 96239
|
| 245 |
|
|
|a Nations and nationalism:
|b since seventeen eighty/
|c by Hobsbawm E J
|
| 260 |
|
|
|a Newyork:
|b Cambridge University Press,
|c 1990.
|
| 300 |
|
|
|a 191p.
|
| 650 |
|
|
|a Nationalism India
|9 96240
|
| 650 |
|
|
|a Nationalism Religion
|9 96241
|
| 650 |
|
|
|a Nationalism History
|9 96242
|
| 942 |
|
|
|c BK
|
| 999 |
|
|
|c 71325
|d 71325
|
| 952 |
|
|
|0 0
|1 0
|4 0
|6 320_540000000000000_HOB_N
|7 0
|9 91932
|a SSUS
|b SSUS
|c STACKS
|d 2018-05-15
|g 0.00
|l 1
|o 320.54 HOB/N
|p 007008
|r 2020-05-29
|s 2020-02-26
|w 2018-05-15
|y BK
|